000 00915cam a22002651i 4500
001 gs 05000661
003 DLC
005 20260227111301.0
008 790521s1891 dcuabf f000 0 eng
010 _ags 05000661
035 _a(OCoLC)4986492
040 _aDLC
_cICharE
_dDLC
043 _an-us---
050 0 0 _aQE75
_b.B9 no. 82
051 _aQE685
_b.W6
100 1 _aWhite, Charles A.
_q(Charles Abiathar),
_d1826-1910.
245 1 0 _aCorrelation papers ; Cretaceous /
_cby Charles A. White.
260 _aWashington,
_bGovt. Print. Off.,
_c1891.
300 _a273 p. :
_biii fold. pl. (incl. maps) diagrs. ;
_c24 cm.
490 1 _aU.S. Geological survey. Bulletin
_vno. 82
500 _a"The literature of the North American Cretaceous" : p. 25-60.
650 0 _aGeology, Stratigraphic
_yCretaceous.
650 0 _aGeology
_zUnited States.
810 1 _aUnited States.
_bGeological Survey.
_tBulletin ;
_v82.
999 _c24262
_d24262